| 000 | 00639nam a22001577a 4500 | ||
|---|---|---|---|
| 003 | OSt | ||
| 005 | 20151004092027.0 | ||
| 008 | 151004b xxu||||| |||| 00| 0 eng d | ||
| 040 | _cRUA | ||
| 082 | _aAVM NON 2002 B073 Or.1 | ||
| 100 |
_91961 _aNONG, KREASNA. |
||
| 245 | _aThe study on swin's coccidiosis in kean svay district, kandal province (ការសិក្សាអំពីជំងឺកុកស៊ីដ្យូស៊ីសជ្រូកនៅក្នុងស្រុកគៀនស្វាយខេត្តកណ្ដាល) | ||
| 260 |
_aPhnom Penh _bRUA _c2002 |
||
| 300 |
_ax, 38p. _bill. _c29cm. |
||
| 942 |
_2ddc _cAVM |
||
| 999 |
_c1853 _d1853 |
||